| 000 | 00456nam a22001937a 4500 | ||
|---|---|---|---|
| 005 | 20231002145609.0 | ||
| 008 | 230830b |||||||| |||| 00| 0 eng d | ||
| 020 | _a9788131727980 | ||
| 082 |
_a658.406 _bSEN-O |
||
| 100 | _aSenior;Barbara | ||
| 245 | _aOrganizational Change | ||
| 250 | _a3rd.ed | ||
| 260 |
_aIndia _bPearsons _c2010 |
||
| 300 | _a436 | ||
| 500 | _aInclude index | ||
| 650 | _aManagement | ||
| 700 | _aBaarbara Senior | ||
| 999 |
_c33332 _d33332 |
||